| 000 | 00513 a2200157 4500 | ||
|---|---|---|---|
| 001 | 141485 | ||
| 040 | _cLeonardo Da Vinci | ||
| 082 |
_a394.2 S625s _bS625s |
||
| 245 | _aSÍNTESE da história do carnaval carioca | ||
| 260 |
_bInstituto Estadual do Patrimônio Cultural _c1986 _aRio de Janeiro |
||
| 300 | _a56 | ||
| 362 | _a19860000 | ||
| 500 | _aGoverno do Estado do Rio de Janeiro | ||
| 697 |
_aArtes _aFolclore _aCultura popular _aBrasil _aFesta _aFesta popular _aCarnaval _aMúsica _aRio de Janeiro |
||
| 942 | _cBK | ||
| 999 |
_c141485 _d141485 |
||